Misc. Non-National Flags of Every Country - Statistics

General Stats
  • This quiz has been taken 34 times
  • The average score is 69 of 199
Answer Stats
Picture Hint Answer % Correct
Presidential Standard Democratic Republic of the Congo
83%
Naval Ensign Papua New Guinea
79%
Naval Jack Spain
76%
Presidential Standard Burkina Faso
72%
Presidential Standard Cyprus
72%
Army Kenya
72%
Armed Forces Lebanon
72%
Armed Forces Nicaragua
72%
War Flag South Africa
72%
Civil-Ensign / State Flag Switzerland
72%
Chief of the Defence Staff France
69%
Air Force Jamaica
69%
Air Force Ensignia Qatar
69%
President's Military Color Sri Lanka
69%
Provincial Flag of Nearly all De Facto Controlled Territory by this Government Taiwan
69%
Presidential Standard Central African Republic
66%
Vice Admiral Egypt
66%
Naval Ensign Grenada
66%
Civil-Ensign Israel
66%
Army Nepal
66%
Prime Minister Portugal
66%
Presidential Standard Seychelles
66%
Presidential Standard Tunisia
66%
Presidential Standard Albania
62%
Armed Forces Bosnia and Herzegovina
62%
State Flag/Ensign Costa Rica
62%
Leading Political Party Eritrea
62%
Inspector General Germany
62%
Royal Standard Kuwait
62%
Presidential Standard Slovakia
62%
Presidential Standard Togo
62%
State Ensign Bahamas
59%
Supreme Court Canada
59%
Olympics Committee Chad
59%
Civil Air Ensign Fiji
59%
Presidential Standard Maldives
59%
Presidential Standard South Sudan
59%
Ambassadors Gambia
55%
Air Force Ensign Ghana
55%
Naval Ensign Honduras
55%
Customs Iceland
55%
Chief of Army Staff Divisional General Madagascar
55%
State Flag Palestine / West Bank
55%
Naval Airport/Heliport Poland
55%
Customs Solomon Islands
55%
Prime Minister Trinidad and Tobago
55%
State Flag Tuvalu
55%
Presidential Standard Angola
52%
Speaker of Parliament Croatia
52%
Regent Denmark
52%
Queen Mother Eswatini
52%
Air Force Ethiopia
52%
Presidential Standard Guyana
52%
Naval Ensign Saint Kitts and Nevis
52%
Civil-Ensign San Marino
52%
Aboriginal Peoples Australia
48%
War Flag Bulgaria
48%
Civil-Ensign El Salvador
48%
Presidential Standard Finland
48%
Armed Forces (Ceremonial Variant) Iran
48%
Presidential Standard Mauritania
48%
Armed Forces Senegal
48%
Presidential Standard Singapore
48%
Presidential Standard Tanzania
48%
Unified Command of Armed Forces in Korea United States
48%
Presidential Standard Zimbabwe
48%
Presidential Standard at Sea Azerbaijan
45%
National Immigration Administration China
45%
Military Unit Color Hungary
45%
Navy Ireland
45%
Presidential Standard Namibia
45%
Strategic Missile Force Saudi Arabia
45%
Defence Force Uganda
45%
Queen Consort's Royal Standard United Kingdom
45%
Naval Ensign Belgium
41%
Royal Bodyguard Bhutan
41%
Presidential Standard Czechia
41%
Military / War Flag Georgia
41%
Army General Staff Greece
41%
Presidential Standard Guinea
41%
Royal Standard Jordan
41%
Civil-Ensign Malta
41%
Civil Defense Force North Korea
41%
Presidential Standard Tajikistan
41%
Civil-Ensign Andorra
38%
Native Peoples Bolivia
38%
Capital Island Comoros
38%
Presidential Standard Dominica
38%
Emperor Emeritus Japan
38%
Royal Standard Lesotho
38%
State Flag Lithuania
38%
Raja Permaisuri Agong Royal Standard Malaysia
38%
Presidential Standard Suriname
38%
Special Communications Service Ensign Ukraine
38%
Army United Arab Emirates
38%
Honor Guard Vatican City
38%
Army Venezuela
38%
Gardebataillon Austria
34%
Minister of Defence Brazil
34%
Presidential Standard Gabon
34%
Civil-Ensign Haiti
34%
Air Force Staff Color Mali
34%
War Flag Moldova
34%
Armed Forces Mongolia
34%
Presidential Standard (Afloat) Montenegro
34%
Royal Standard Oman
34%
Prime Minister Pakistan
34%
Chief Advisor Bangladesh
31%
Military Estonia
31%
Field Marshal India
31%
Customs Liberia
31%
State / War Flag Monaco
31%
Royal Gendarmerie Morocco
31%
Governor-General New Zealand
31%
Personal Command Sign of the King Sweden
31%
Royal Standard Tonga
31%
Civil Air Ensign Zambia
31%
Naval Ensign Abkhazia
28%
National Assembly Ecuador
28%
Civil-Ensign Luxembourg
28%
Naval Jack Netherlands
28%
Air Force Serbia
28%
State Security Service Uzbekistan
28%
Royal Standard Brunei
24%
Royal Standard Cambodia
24%
Olympics Committee Côte d’Ivoire
24%
Capital Town Council Kiribati
24%
Leading Political Party Laos
24%
Chief of the Joint Command Peru
24%
State Automobile Inspectorate Russia
24%
National Apostolic Church Armenia
21%
Governmental Kyrgyzstan
21%
National Gendarmerie Niger
21%
Leading Political Party Republic of the Congo
21%
Land Forces Romania
21%
Governmental Syria
21%
Ground Forces Turkmenistan
21%
Prime Minister Barbados
17%
Presidential Standard Cuba
17%
Ministry of State Apparatus Utilization and Bureaucratic Reform Indonesia
17%
Presidential Standard Kosovo
17%
State Where The National Capital Is Located Micronesia
17%
Leading Political Party Mozambique
17%
Police Samoa
17%
Presidential Standard Sierra Leone
17%
Armed Forces South Ossetia
17%
Royal Police Thailand
17%
Presidential Standard Vanuatu
17%
Chief of Defence Staff Antigua and Barbuda
14%
Armed Forces Guinea-Bissau
14%
Royal House Liechtenstein
14%
Presidential Standard Palau
14%
Presidential Standard Rwanda
14%
Presidential Standard São Tomé and Príncipe
14%
Marine Corps South Korea
14%
9th Airborne Division Sudan
14%
Co-Official Flag Uruguay
14%
Militia and Self-Defence Force Vietnam
14%
State Forensic Examination Committee Belarus
10%
Governor-General Belize
10%
Leading Political Party Burundi
10%
Ambassador Chile
10%
Rapid Action Regiment (Most Likely) Djibouti
10%
State Police Italy
10%
National Army Libya
10%
Mechanized Infantry Brigade North Macedonia
10%
Cyber Defence Force Norway
10%
Naval Jack Paraguay
10%
Department of Finance Philippines
10%
Ministry of Education Afghanistan
7%
Police Algeria
7%
National Gendarmerie Argentina
7%
Indigenous Peoples Guatemala
7%
Special Operations Iraq
7%
Border Guard Latvia
7%
Capital Marshall Islands
7%
Governor-General Saint Lucia
7%
Governor-General Saint Vincent and the Grenadines
7%
Defence Forces Timor-Leste
7%
Royal Medical Services Bahrain
3%
Leading Political Party Cabo Verde
3%
Leading Political Party Cameroon
3%
Central Electoral Board Dominican Republic
3%
Leading Political Party Equatorial Guinea
3%
Ministry of Education Myanmar
3%
Army Nigeria
3%
Naval Jack Slovenia
3%
Army Somalia
3%
Customs Transnistria
3%
Land Forces Command Air Support Continental Group Command Turkey
3%
Ministry of Interior Yemen
3%
Air Force Ensign Botswana
0%
National Navy Colombia
0%
Foreign Intelligence Service Kazakhstan
0%
Presidential Standard Malawi
0%
Naval Ensign Mauritius
0%
Naval Infantry Corps Mexico
0%
National Shipping Line Nauru
0%
Naval Jack Panama
0%
No matching quizzes found
Score Distribution
Percent of People with Each Score
Percentile by Number Answered
Your Score History
You have not taken this quiz